00547nam a2200181Ia 4500008004100000020001500041050001400056100002600070245004300096245003900139245005800178260001800236260002600254260000900280300001400289300002500303440003700328180207s9999 xx 000 0 und d a9715903347 bD252 1997 aDavidson, Alice Joyce 4aThe story of Jesus and the blind man : ban Alice in bible land storybook / cAlice Joyce Davidson ; designed by Victoria Marshall. aConnecticut : bC. R. Gibson Company, c1997 aunpaged : bcolor illustration ; aAn Alice in bibleland storybook.